Online Catalogue and eLibrary

Gender and politics in Sri Lanka : (Record no. 533)

MARC details
000 -LEADER
fixed length control field 00589cam a22001934a 4500
001 - CONTROL NUMBER
control field 15432787
005 - DATE AND TIME OF LATEST TRANSACTION
control field 20240304012229.0
008 - FIXED-LENGTH DATA ELEMENTS--GENERAL INFORMATION
fixed length control field 080829s2001 ce b 001 0 eng
020 ## - INTERNATIONAL STANDARD BOOK NUMBER
ISBN 9558027022
040 ## - CATALOGING SOURCE (பட்டியலாக்க மூலம்)
Original cataloging agency DLC
Transcribing agency DLC
Modifying agency DLC
082 ## - DDC Classification
DDC Edition Number 22
Class No. 323.34
Item Number - Author Mark GEN.
100 1# - MAIN ENTRY--PERSONAL NAME
Personal name Gomez, Mario.
245 10 - TITLE STATEMENT
Title Gender and politics in Sri Lanka :
Remainder of title preferring women /
Statement of responsibility, etc. Mario Gomez and Shyamala Gomez.
250 ## - EDITION STATEMENT
Edition statement 1st ed.
260 ## - PUBLICATION, DISTRIBUTION, ETC.
Place of publication, distribution, etc. Colombo :
Name of publisher, distributor, etc. Canadian International Development Agency's (CIDA's) Shakti Gender Equity Project,
Date of publication, distribution, etc. 2001.
300 ## - PHYSICAL DESCRIPTION
Extent (e.g. Volumes, Pages etc.) xiv, 108 p. ;
650 #0 - SUBJECT ADDED ENTRY--TOPICAL TERM
Topical term or geographic name entry element Women
942 ## - Koha item type (Biblio)
Koha item type Books in Stacks (Lending)
Holdings
Lost status Damaged status Collection code Home library Current library Date acquired Full call number Accession Number Item type
    Lending WERC Library WERC Library 03/04/2024 323.34 GEN. 4565 Books in Stacks (Lending)

© WERC Library